| 000 | 00491nam a2200193Ia 4500 | ||
|---|---|---|---|
| 003 | OSt | ||
| 005 | 20260326141940.0 | ||
| 008 | 250729s2009 xx 000 0 und d | ||
| 020 | _a978-8125008712 | ||
| 040 | _cAL | ||
| 041 | _aeng | ||
| 082 | _a900.7 SUTU | ||
| 100 |
_aSutopa Muther Jee _9230569 |
||
| 245 | _aUnderstanding physical geography through diagrama | ||
| 260 |
_aHyderabhadh _bOrieant Longman _c2009 |
||
| 300 | _a200p | ||
| 650 |
_aGeography _9230570 |
||
| 942 |
_2ddc _cBED |
||
| 999 |
_c238847 _d238847 |
||